00551nam a2200193Ia 4500999001500000003000400015005001700019008004100036020001500077040000900092082002300101100002300124245008000147250001200227260004400239300000900283650001300292942005200305 c8336d8336OSt20201012095814.0190216s9999||||xx |||||||||||||| ||und|| a0876920210 coclc a621.3819582bRAJ/I aRajaraman, V93970 0aAn Introduction To Digital Computer Design /cV Rajaraman ; T Radhakrishnan a2nd Ed. bPrentice Hall India,c1984.aNew Delhi: a399p aComputer cBK2ddch621.3819582iRAJ/Ik621.3819582mRAJ/I